Neue Schritte in RGW

Salvato in:
Dettagli Bibliografici
Autore principale: Polten, Heiko
Natura: Libro
Lingua:tedesco
Pubblicazione: Berlin Dietz 1985
Edizione:1. Aufl.
Serie:ABC des Marxismus-Leninismus
Tags: Aggiungi Tag
Nessun Tag, puoi essere il primo ad aggiungerne!!

MARC

LEADER 00000nam a2200000 4500
001 c024532
005 20221220082033.0
041 0 |a ger 
044 |a DE 
245 1 0 |a Neue Schritte in RGW  |c Heiko Polten 
250 |a 1. Aufl. 
264 1 |a Berlin  |b Dietz  |c 1985 
300 |a 64 s. 
490 1 |a ABC des Marxismus-Leninismus 
830 0 |a ABC des Marxismus-Leninismus 
100 1 |a Polten, Heiko